000 00296nam a22001337a 4500
008 170323b xxu||||| |||| 00| 0 eng d
020 _a9781401858490
041 _aeng
080 _25ED
_a616.9
100 _a8
101 _aSHM
245 _aCLINICAL CALCULATIONS
_cDANIELS.J.M
942 _2udc
_cBK
999 _c8432
_d8432